000 00601nam a2200229Ia 4500
003 OSt
005 20220926012136.0
006 a|||||r|||| 00| 0
007 ta
008 220923b |||||||| |||| 00| 0 eng d
020 _a0631147217
037 _cGeneral Book
040 _aRTL
_cRTL
_beng
041 _2eng
_aeng
082 _aQ6:8.5.J, M5
100 _aMoore R I
_919238
245 0 _aOrigins of Europe an dissent
260 _aNew York
_bBasil Blackwell
_c1985
300 _axi,322p
_ccm.
942 _hQ6:8.5.J, M5
_cGB
_2CC
999 _c621853
_d621853